| 000 | 00603nam a2200229Ia 4500 | ||
|---|---|---|---|
| 003 | OSt | ||
| 005 | 20221007062257.0 | ||
| 006 | a|||||r|||| 00| 0 | ||
| 007 | ta | ||
| 008 | 221006b |||||||| |||| 00| 0 eng d | ||
| 024 | _a21,950 | ||
| 037 | _cTextual | ||
| 040 |
_aFLL _cFLL _beng |
||
| 041 |
_2eng _aeng |
||
| 082 | _aZ2:805, L5 | ||
| 100 |
_aPrasad Vindheshwari _9682513 |
||
| 245 | 0 | _aLaw of bails | |
| 260 |
_aAllahabad _bHind Publishing House India _c1975 |
||
| 300 |
_axx,282p _ccm. |
||
| 942 |
_hZ2:805, L5 _cTEXL _2CC |
||
| 999 |
_c1128194 _d1128194 |
||